Statistics for Generator Dash #5

Click here to take the quiz!

General Stats

  • This quiz has been taken 74 times
  • The average score is 8 of 11

Answer Stats

Hint Answer % Correct
String instrument (4)Harp
92%
Designer Lauren (5)Ralph
89%
October birthstone (4)Opal
87%
On cloud nine (5)Happy
83%
Fill out a job form (5)Apply
83%
Recite the rosary (4)Pray
78%
Word before bear or cap (5)Polar
67%
Toilet paper layer (3)Ply
62%
9-Letter WordPOLYGRAPH
57%
_____ and Bess (5)Porgy
54%
Vietnamese soup (3)Pho
35%

Score Distribution

Percentile by Number Answered

Percent of People with Each Score

Your Score History

You have not taken this quiz